Western rider's handbook /

Bibliographic Details
Main Author: Carden, Karen W.
Format: Book
Language:English
Published: South Brunswick : A. S. Barnes, [1976]
Subjects:

MARC

Tag First Indicator Second Indicator Subfields
LEADER 00000pam a2200000 i 4500
001 in00000448421
005 20151012162010.0
008 750813s1976 njua 00110 eng
010 |a  75005171  
020 |a 0498016315 :  |c $9.95 
035 |a (OCoLC)01602002 
035 |9 ABZ4858AM 
040 |a DLC  |c DLC  |d TXA  |d UtOrBLW 
043 |a n-usp-- 
049 |a TXAM  |c [1434695] 
050 0 0 |a SF284.U5  |b C37 1976 
082 0 |a 636.1/00978 
100 1 |a Carden, Karen W. 
245 1 0 |a Western rider's handbook /  |c Karen W. Carden. 
264 1 |a South Brunswick :  |b A. S. Barnes,  |c [1976] 
264 4 |c ©1976 
300 |a 175 pages :  |b illustrations ;  |c 26 cm. 
336 |a text  |b txt  |2 rdacontent 
337 |a unmediated  |b n  |2 rdamedia 
338 |a volume  |b nc  |2 rdacarrier 
500 |a Includes index. 
650 0 |a Horses  |z West (U.S.) 
650 0 |a Horsemanship. 
650 0 |a Show riding  |z West (U.S.) 
999 |a MARS 
999 f f |s 10248188-829f-31df-97c0-abcacbaa5150  |i ab612087-d440-3e97-b86e-5bd67b912911  |t 0 
952 f f |p ric  |a Texas A&M University  |b Rellis Campus  |c Joint Library Facility  |d Remote Storage  |t 0  |e SF284.U5 C37 1976  |h Library of Congress classification  |i unmediated -- volume  |m A14805235966 
998 f f |a SF284.U5 C37 1976  |t 0  |l Remote Storage